| 000 | 01532nam a2200265Ia 4500 | ||
|---|---|---|---|
| 003 | OSt | ||
| 005 | 20211007163014.0 | ||
| 008 | 210310s2007 ck ao gr 000 0 spa d | ||
| 040 |
_aCO-JMCR _cCO-JMCR |
||
| 041 | 0 | _aspa | |
| 082 | 0 | 4 |
_a338.17373 / _bA674s _223 |
| 100 | 1 |
_aArcila P, Jaime, _eautor _928871 |
|
| 245 | 1 | 0 |
_aSistemas de producción de café en Colombia / _cJaime Arcila P., Fernando Farfán V., Argemiro Moreno B. [y otros]. |
| 250 | _aPrimera edición. | ||
| 260 |
_aChinchiná, Colombia : _bFederación Nacional de Cafeteros de Colombia, _c2007. |
||
| 300 |
_a309 páginas : _bIlustraciones, gráficas y fotografías a color ; _c28 cm. |
||
| 504 | _aBibliografía : páginas 295-309. | ||
| 505 | 0 | _aFundamentos sobre sistemas de producción. -- Crecimiento y desarrollo de la planta de café. -- Factores que determinan la producción de cafetal. -- Las arvenses y su manejo en los cafetales. -- Densidad de siembra y productividad de los cafetales. -- Renovación y administración de los lotes para estabilizar la producción de café en la finca. -- Producción de café en sistemas agroforestales. -- Consideraciones sobre la nutrición mineral y orgánica en los sistemas de producción de café. | |
| 650 | 1 | 4 |
_aSistemas de producción cafetera _zColombia _941029 |
| 650 | 2 | 4 |
_aDesarrollo de plantas de café _zColombia _941030 |
| 650 | 2 | 4 |
_aProducción cafetera _zColombia _941031 |
| 700 | 1 |
_aFarfán V., Fernando, _eautor _941032 |
|
| 700 | 1 |
_aMoreno B., Argemiro, _eautor _941033 |
|
| 942 |
_2ddc _cBK |
||
| 999 |
_c12664 _d12664 |
||